000 00996nam a22002177a 4500
005 20251029144153.0
010 _aENG-141362 ENG-147007
020 _a9788119798896
_c499.00
035 _aEN-124894
035 _aEN-130539
037 _bDBAD
082 _a327.54051
245 _aSino-Indian Ties Under Modi:
_bRising to the China Challennge/
_cEdited By Harsh V Pant [and] Kalpit A Mankikar
260 _aNew Delhi
_bHar Anand Publications Pvy Ltd
_c2024
270 _aE-49/3, Okhla Industrial Area, Phase-II
_bNew Delhi
_e110020
_cNew Delhi
_k011-41603490
_l011-41708607
_minfo@haranandpublications.com
300 _a119p.
_c23cm(hb)
700 _aPant , Harsh V
_eEditor
_970377
700 _aMankikar, Kalpit A
_eEditor
_970378
942 _2ddc
_cEN
_h327.54051
_mSIN
999 _c205171
_d205171